000 00784nam a2200253Ia 4500
003 OSt
005 20220918171626.0
006 a|||||r|||| 00| 0
007 ta
008 220917b |||||||| |||| 00| 0 eng d
020 _a9788120800687 (hbk)
_cINR 1100.00
024 _a325,403
037 _b54531, 08/03/2018, Segment Book Distributors
_cTextual
040 _aARTS
_cARTS
_beng
041 _2eng
_aeng
082 _aR68x1:g, Q4
100 _aSharma B.N.K. Au.
_937835
245 0 _aPhilosophy of Sri Madhavacarya
260 _aDelhi
_bMotilal Banarsidass India
_c2014
300 _axxxi,483p.
_ccm.
650 _aPHILOSOPHY
942 _hR68x1:g, Q4
_cTEXL
_2CC
999 _c140515
_d140515